LEADER 01143nam0 22002531i 450 001 UON00058513 005 20231205102256.977 100 $a20020107d1928 |0itac50 ba 101 $aeng 102 $aIN 105 $a|||| 1|||| 200 1 $aˆThe ‰political philosophies since 1905. Their origins and their tendencies$ean objective and chronological survey. Outline of a course of lectures given at the Kashi Vidyapitha, Benares in october 1927$fBenoy Kumar Sarkar 210 $aMadras$cB. G. Paul & Co.$d1928 215 $aXXVII, 377 p.$d18 cm 620 $aIN$dChennai$3UONL000058 686 $aSI V$cSUBCONT. INDIANO - POLITOLOGIA$2A 700 1$aSARKAR$bBenoy Kumar$3UONV006668$0638768 712 $aPaul & Co.$3UONV255345$4650 801 $aIT$bSOL$c20240220$gRICA 899 $aSIBA - SISTEMA BIBLIOTECARIO DI ATENEO$2UONSI 912 $aUON00058513 950 $aSIBA - SISTEMA BIBLIOTECARIO DI ATENEO$dSI SI V 033 $eSI IND2683 5 033 996 $aPolitical philosophies since 1905. Their origins and their tendencies$91168269 997 $aUNIOR